Geomechanics/ (Record no. 1005)
[ view plain ]
| 000 -LEADER | |
|---|---|
| fixed length control field | 00289 a2200109 4500 |
| 020 ## - INTERNATIONAL STANDARD BOOK NUMBER | |
| International Standard Book Number | 905410354X |
| 082 ## - DEWEY DECIMAL CLASSIFICATION NUMBER | |
| Classification number | 624.1513 RAK |
| 100 ## - MAIN ENTRY--PERSONAL NAME | |
| Personal name | Rakowski, Zikmund |
| 245 ## - TITLE STATEMENT | |
| Title | Geomechanics/ |
| Statement of responsibility, etc. | Zikmund Rakowski |
| 260 ## - PUBLICATION, DISTRIBUTION, ETC. | |
| Place of publication, distribution, etc. | Netherlands : |
| Name of publisher, distributor, etc. | A. A. Balkema, |
| Date of publication, distribution, etc. | 1994 |
| 300 ## - PHYSICAL DESCRIPTION | |
| Extent | xiv, 460p. : |
| Other physical details | ill. ; |
| Dimensions | 25 cm |
| 650 ## - SUBJECT ADDED ENTRY--TOPICAL TERM | |
| Topical term or geographic name entry element | Geomechanics |
| Withdrawn status | Lost status | Damaged status | Not for loan | Permanent Location | Current Location | Shelving location | Date acquired | Total Checkouts | Full call number | Barcode | Date last seen | Price effective from | Koha item type |
|---|---|---|---|---|---|---|---|---|---|---|---|---|---|
| School of Civil and Environmental Engineering (SCEE) | School of Civil and Environmental Engineering (SCEE) | 624.1513 RAK | NIT-4290 | 01/05/2017 | 01/05/2017 | Book |
